Genshin Impact - Quiz divers - Statistiques

Statistiques générales
  • Ce quiz a été pris 1 192 fois
    23 depuis la dernière actualisation
  • Le résultat moyen est 6 sur 15
Statistiques - réponses
Question Réponse % Correct
Il est possible pour une divinité de perdre ses pouvoirs. Vrai
100%
La temporalité entre l'abîme et Teyvat est la même. Faux
86%
La constellation de Yae Miko se nomme "Vulpes Zerda". Faux
80%
Quel effet a le passif d'exploration de Yaoyao ? Les papillons cristallins et certains animaux ne sont pas effrayés.
80%
Aloy est une descendeuse. Faux
67%
Qui est le personnage ayant la plus haute ATQ de base ? Skirk
67%
Parmi ces adeptes, qui n'a pas signé de contrat avec Morax ? Yanfei
67%
Combien de fois Nahida a-t-elle réalisé des Samsaras face à Scaramouche (Shouki no Kami) ? 168
63%
Quelle histoire de personnage (teaser de 2-3 minutes en 2D des 5*) est sortie le même jour que l'anniversaire dudit personnage ? Nahida
63%
Combien d'Archons originels reste-il ? 2
60%
Grâce à quel personnage connaissons-nous le nom de Neuvillette ? Nahida
60%
De quelle créature mythologique est basée Ganyu ? Qilin
60%
À quoi correspondait la résonance Hydro avant la 3.0 ? Bonus de soins
57%
Comment Yelan a-t-elle obtenu son manteau de soie ? Cadeau volé de la part de Pantalone pour la Tsarine.
50%
Dans les Collected Miscellanies (vidéos de description de personnages et de leurs gameplays d'au moins 5 minutes), lequel n'est pas narré par Dainsleif ? Dori
50%
Dans la démo personnage de Furina, à qui la phrase "car le rire est le propre de l'homme" fait-elle référence ? François Rabelais
50%
Quel personnage a les textes d'histoire les plus longs du jeu ? Kaveh
50%
Dans le TCG, quelle carte permet d'en piocher 2 autres ? Stratège
50%
Comment faut-il au total de Moras pour mettre au niv 10 une aptitude ? 1 652 500
40%
Quel personnage ne possède pas l'Arkhe Ousia ? Arlecchino
40%
Qui parmi ces personnages Chiori n'a pas réalisé ses vêtements ? Fréminet
40%
À quel personnage provient la citation "Ô Vent, entends mon appel !" ? Jean
40%
À partir de quoi Phanes est né ? Un œuf
40%
Comment se nomme le troisième descendeur ? Saarelainen
38%
Lequel de ces personnages ne scale pas PV ? Charlotte
36%
Combien de temps Kaveh aura mis à revenir entre sa 1ère et sa 2ème bannière ? 14 mois
33%
Quelle mise à jour n'a duré que 5 semaines ? 3.2
33%
Lequel de ces personnages ne draine pas ses PV ? Chevreuse
33%
Quel personnage est sorti le même jour que son anniversaire ? Nomade
33%
Quel est le nom de divinité de Rukkhadevata ? On ne sait pas.
33%
À quelle pièce d'échec correspond le gnosis Hydro ? On ne sait pas.
33%
Comment se nomme le membre de l'Ordo Narzissenkreuz qui est devenu un Lustrateur Inique ? Jakob
29%
Lequel de ces personnages peut-il avoir une infusion extérieure (Chongyun, Candace, Bennett C6...) même pendant sa propre infusion ? Keqing
29%
Il existe 2 Arlecchino. Vrai
29%
Quel autre personnage partage la même voix japonaise que Signora ? Changsheng
25%
Pourquoi la connaissance interdite est-elle arrivée en Teyvat ? Par Nibelung pour défaire l'Originel.
25%
Dans le doublage japonais, quel autre personnage partage la même voix que Xianyun/Souffle-Nuages ? Timmy
25%
"Amun" est une autre appellation du roi Écarlate. Vrai
25%
À partir du 25 avril 2026, combien de jours reste-il jusqu'à la version Luna VIII ? 67 jours
22%
Quel personnage partage le même anniversaire que le jeu ? Kamisato Ayaka
22%
À partir de quelle mise à jour Kaveh a été introduit dans le jeu ? 3.2
20%
À partir de quelles circonstances sont nées les mélusines ? Des restes de mékas dans le corps d'Elynas.
20%
Quel set d'artéfacts raconte l'histoire de certains Fatui ? Flamme blême
20%
À travers quel ouvrage connaissons-nous la prophétie du Dragon Hydro ? Dans la lumière, sous l'ombre
17%
Combien de lieux de Teyvat des clous divins ont été plantés ? 6
14%
"Flins" n'est pas le nom de famille du personnage éponyme. Faux
13%
D'où provient la citation "Il regarde avec dédain tout ce qui est élevé" ? (Drip marketing de Neuvillette) Reddit
11%
Comment se nomme la constellation de Kirara ? Arcella
0%
Quel personnage a son ID finissant par "67" ? Collei
0%
Une partie du lore de Scaramouche/Nomade est basée sur qui ? Susano
0%
Lequel de ces personnages possède un nom de constellation en grec ? Wriothesley
0%
Aucun quiz correspondant
Distribution des résultats
% des personnes avec chaque résultat
Percentile par nombre de réponses
Votre historique - résultats
Vous n’avez pas pris ce quiz depuis la dernière actualisation